| 000 | 01486nam0a22002891 4500 | ||
|---|---|---|---|
| 001 | rc\4080255 | ||
| 005 | 20130415154554.0 | ||
| 021 |
_aRU _b[51-4278] |
||
| 035 | _a(NLR Aleph) 008125492 | ||
| 090 |
_a9390510 _c9390510 |
||
| 100 | _a20130415d1950 |||y0rusy50 ca | ||
| 101 | 0 | _arus | |
| 102 | _aRU | ||
| 105 | _ay z ||||| | ||
| 200 | 1 |
_aЧто читать о ремонте тракторов и сельскохозяйственных машин _e(Список литературы для массовых кадров МТС и МТМ) _fУпр. по делам культ.-просвет. учреждений при Совете министров Татар. АССР. Респ. б-ка ТАССР им. В.И. Ленина |
|
| 210 |
_aКазань _cБ. и. _d1950 |
||
| 215 |
_a4 с. _d21 |
||
| 300 | _aСост. указан в конце текста: библиограф Н.К. Медведева | ||
| 606 |
_aСельскохозяйственные машины и орудия _xРемонт _jБиблиография _2psbo |
||
| 606 |
_aТрактороремонт _jБиблиография _2psbo |
||
| 700 | 1 |
_aМедведева _bН. К. _gНина Константиновна _4220 |
|
| 712 | 0 | 2 |
_aТатарская республиканская библиотека им. В. И. Ленина _cКазань _3RU\NLR\AUTH\889936567 |
| 801 | 0 |
_aRU _bNLR _gpsbo |
|
| 801 | 1 |
_aRU _bELAR _2rusmarc |
|
| 852 |
_aNLR _jС367-660/М-42 |
||
| 942 | _cBOOK | ||
| 980 | _aNB | ||